000 01382nam a2200421 c 4500
001 52245
003 ES-MaCES
005 20250203133930.0
008 220426s2022 sp 000 ||spa d
017 _aM 3211-2022
_bDL
020 _a9788413813530
040 _aES-MaCES
_bspa
_cES-MaCES
041 1 _aspa
_heng
100 1 _922982
_aSáenz Royo, Eva
245 1 3 _aLa financiación de la sanidad y de la educación en el Estado autonómico
_b: reformas necesarias a la luz de la experiencia comparada
_cEva Sáenz Royo
260 _aMadrid [etc.]
_bMarcial Pons
_c2022
300 _a172 p.
_c21 cm
504 _aBibliografía: p. 157-172
541 _cCompra
650 4 _aasistencia médica
_930272
650 4 _asistema educativo
_927375
650 4 _afinanciación
_928125
650 4 _afinanciación de la seguridad social
_930265
650 4 _apresupuesto de la educación
_927398
650 4 _aasignación de recursos
_927024
650 4 _agastos sociales
_930633
650 4 _adistribución del gasto
_930938
650 4 _aComunidades Autónomas
_930768
650 4 _areforma administrativa
_927223
650 4 _aEspaña
_926964
650 4 _aEstados Unidos
_928373
650 4 _aCanadá
_926860
650 4 _aAlemania
_926944
650 4 _aderecho comparado
_929868
653 1 0 _aAsuntos Sociales
902 _aLIB Libro
942 _2CES
_cBK
_h3.3.
999 _c52245
_d52245